Derecho civil
সংরক্ষণ করুন:
| প্রধান লেখক: | |
|---|---|
| বিন্যাস: | গ্রন্থ |
| ভাষা: | স্প্যানিশ |
| প্রকাশিত: |
Buenos Aires
Jurídicas Europa-América
1950
Buenos Aires Bosch 1950 |
| বিষয়গুলি: | |
| ট্যাগগুলো: |
ট্যাগ যুক্ত করুন
কোনো ট্যাগ নেই, প্রথমজন হিসাবে ট্যাগ করুন!
|
MARC
| LEADER | 00000nam a2200000 a 4500 | ||
|---|---|---|---|
| 001 | UCS1410 | ||
| 003 | CL-VaPUC | ||
| 008 | 970509e19500000ag |||||||||||||||||spa|d | ||
| 082 | 0 | 4 | |a 346.44 |b JOS |2 21 |
| 100 | |a Josserand, Louis |e author |9 533510 | ||
| 245 | 1 | 0 | |a Derecho civil |
| 300 | |a 3 v | ||
| 942 | |c BK | ||
| 945 | |d 19970509 00:00:00 |a lriquelm | ||
| 260 | |a Buenos Aires |b Jurídicas Europa-América |c 1950 | ||
| 260 | |a Buenos Aires |b Bosch |c 1950 | ||
| 500 | |a v.1 p.1: Teorías generales del derecho y de los derechos. Las personas | ||
| 500 | |a v.1 p.2: La familia | ||
| 500 | |a v.1 p.3: La propiedad y los otros derechos reales y principales | ||
| 500 | |a v.2 p.1: Teoría general de las obligaciones | ||
| 500 | |a v.2 p.2: Contratos | ||
| 500 | |a v.3 p.1: Los regímenes matrimoniales | ||
| 500 | |a v.3 p.2: Liberalidades | ||
| 500 | |a v.3 p.3: Liberalidades | ||
| 650 | 0 | |a Derecho civil |9 255013 | |
| 650 | 7 | |a TEORIA GENERAL DEL DERECHO |2 CL-VaPUC |9 254883 | |
| 650 | 0 | |a Personas |9 255751 | |
| 650 | 0 | |a Tutelas |9 384923 | |
| 650 | 7 | |a MATRIMONIO |2 CL-VaPUC |9 385836 | |
| 650 | 0 | |a Familias |9 255641 | |
| 650 | 0 | |a Divorcio |9 256204 | |
| 650 | 0 | |a Separación conyugal |9 257481 | |
| 650 | 0 | |a Bienes |9 255749 | |
| 650 | 0 | |a Propiedad |9 255268 | |
| 650 | 0 | |a Derechos reales |9 257708 | |
| 650 | 0 | |a Usufructo |9 256763 | |
| 650 | 0 | |a Fuentes de las obligaciones |9 385043 | |
| 650 | 0 | |a Obligaciones |9 255578 | |
| 650 | 0 | |a Contratos |9 255153 | |
| 650 | 0 | |a Actos jurídicos |9 255748 | |
| 650 | 0 | |a Garantías |9 385837 | |
| 650 | 0 | |a Hipoteca |9 255780 | |
| 650 | 0 | |a Regímenes matrimoniales |9 357525 | |
| 650 | 0 | |a Testamento |9 258220 | |
| 650 | 0 | |a Donación |9 255016 | |
| 583 | |a last modification |c 20171116 04:42:33 |k Rodrigo Vera | ||
| 999 | |c 259503 |d 259501 | ||
| 952 | |0 0 |1 0 |4 0 |6 346_440000000000000_JOS_1950_1950 |7 0 |8 X |9 284261 |a BIBDER |b BIBDER |d 2019-11-19 |h v.1 p.1 |i 184069K |o 346.44 JOS 1950 1950 |p 184069K |r 2023-01-25 |w 2019-11-19 |y BK_X |k DER | ||
| 952 | |0 0 |1 0 |4 0 |6 346_440000000000000_JOS_1950_1950 |7 0 |8 X |9 284262 |a BIBDER |b BIBDER |d 2019-11-19 |h v.1 p.2 |i 1840703 |o 346.44 JOS 1950 1950 |p 1840703 |r 2023-01-25 |w 2019-11-19 |y BK_X |k DER | ||
| 952 | |0 0 |1 0 |4 0 |6 346_440000000000000_JOS_1950_1950 |7 0 |8 X |9 284263 |a BIBDER |b BIBDER |d 2019-11-19 |h v.1 p.3 |i 1840711 |o 346.44 JOS 1950 1950 |p 1840711 |r 2023-01-25 |w 2019-11-19 |y BK_X |k DER | ||
| 952 | |0 0 |1 0 |4 0 |6 346_440000000000000_JOS_1950_1950 |7 0 |8 X |9 284264 |a BIBDER |b BIBDER |d 2019-11-19 |h v.2 p.1 |i 184072K |o 346.44 JOS 1950 1950 |p 184072K |r 2023-01-25 |w 2019-11-19 |y BK_X |k DER | ||
| 952 | |0 0 |1 0 |4 0 |6 346_440000000000000_JOS_1950_1950 |7 0 |8 X |9 284265 |a BIBDER |b BIBDER |d 2019-11-19 |h v.2 p.2 |i 1840738 |o 346.44 JOS 1950 1950 |p 1840738 |r 2023-01-25 |w 2019-11-19 |y BK_X |k DER | ||
| 952 | |0 0 |1 0 |4 0 |6 346_440000000000000_JOS_1950_1950 |7 0 |8 X |9 284266 |a BIBDER |b BIBDER |d 2019-11-19 |h v.3 p.1 |i 1840746 |o 346.44 JOS 1950 1950 |p 1840746 |r 2023-01-25 |w 2019-11-19 |y BK_X |k DER | ||
| 952 | |0 0 |1 0 |4 0 |6 346_440000000000000_JOS_1950_1950 |7 0 |8 X |9 284267 |a BIBDER |b BIBDER |d 2019-11-19 |h v.3 p.2 |i 1840754 |o 346.44 JOS 1950 1950 |p 1840754 |r 2023-01-25 |w 2019-11-19 |y BK_X |k DER | ||
| 952 | |0 0 |1 0 |4 0 |6 346_440000000000000_JOS_1950_1950 |7 0 |8 X |9 284268 |a BIBDER |b BIBDER |d 2019-11-19 |h v.3 p.3 |i 1840762 |o 346.44 JOS 1950 1950 |p 1840762 |r 2023-01-25 |w 2019-11-19 |y BK_X |k DER | ||